00464nam a2200133 a 450000100100000000500170001000800410002704000250006808200160009324501210010926000430023030000270027350400300030000004855120201002061232.0190329s2015 dr a r 000 0 spa d aDO-SdBNPbspacBNPHU axxxxbR426d00aRepública Dominicana 2015 :bla situación de los Derechos Humanos y el desafío de protegerlos a todos y todas. aSanto Domingo :bCentro Bonó,c2015. a79 p. :bil. ;c26 cm. aBibliografía : p. 78-79